000 00290nam a22001337a 4500
008 181022b xxu||||| |||| 00| 0 eng d
020 _a9780132025669
041 _aeng
080 _a941
100 _a16
101 _aHIS
245 _aUnited States History
_cHall.p
942 _2udc
_cBK
999 _c50391
_d50391